Tony Award for Best Actress in a Musical - Statistics

General Stats
  • This quiz has been taken 40 times
  • The average score is 30 of 71
Answer Stats
Year Actress % Correct
2008 Patti LuPone
85%
1980 Patti LuPone
85%
2012 Audra McDonald
75%
1999 Bernadette Peters
75%
1986 Bernadette Peters
75%
2011 Sutton Foster
75%
2002 Sutton Foster
75%
1979 Angela Lansbury
65%
1975 Angela Lansbury
65%
1969 Angela Lansbury
65%
1966 Angela Lansbury
65%
2016 Cynthia Erivo
65%
1993 Chita Rivera
60%
1984 Chita Rivera
60%
2004 Idina Menzel
60%
2015 Kelli O'Hara
60%
1951 Ethel Merman
55%
2014 Jessie Mueller
55%
1981 Lauren Bacall
55%
1970 Lauren Bacall
55%
1978 Liza Minnelli
55%
1965 Liza Minnelli
55%
1960 Mary Martin
50%
1955 Mary Martin
50%
1950 Mary Martin
50%
1964 Carol Channing
45%
1959 Gwen Verdon
45%
1958 Gwen Verdon
45%
1956 Gwen Verdon
45%
1991 Lea Salonga
45%
1997 Bebe Neuwirth
40%
1995 Glenn Close
40%
1973 Glynis Johns
40%
1982 Jennifer Holliday
40%
2003 Marissa Jaret Winokur
40%
2013 Patina Miller
40%
1996 Donna Murphy
35%
1994 Donna Murphy
35%
1952 Gertrude Lawrence
35%
1957 Judy Holliday
35%
1949 Nanette Fabray
35%
1963 Vivien Leigh
35%
1972 Alexis Smith
30%
2009 Alice Ripley
30%
2010 Catherine Zeta-Jones
30%
2007 Christine Ebersole
30%
2001 Christine Ebersole
30%
1954 Dolores Gray
30%
1988 Joanna Gleason
30%
2006 LaChanze
30%
1987 Maryann Plunkett
30%
1958 Thelma Ritter
30%
1967 Barbara Harris
25%
1962 Diahann Carroll
25%
1976 Donna McKechnie
25%
1977 Dorothy Loudon
25%
1961 Elizabeth Seal
25%
1992 Faith Prince
25%
1948 Grace Hartman
25%
1968 Leslie Uggams
25%
1998 Natasha Richardson
25%
1953 Rosalind Russell
25%
1974 Virginia Capers
25%
1962 Anna Maria Alberghetti
20%
2000 Heather Headley
20%
1968 Patricia Routledge
20%
1989 Ruth Brown
20%
1990 Tyne Daly
20%
1971 Helen Gallagher
15%
1983 Natalia Makarova
15%
2005 Victoria Clark
15%
No matching quizzes found
Score Distribution
Percent of People with Each Score
Percentile by Number Answered
Your Score History
You have not taken this quiz